000 00391nam a22001457a 4500
003 OSt
005 20160727222402.0
008 160623b xxu||||| |||| 00| 0 eng d
040 _cTEST
100 _9730
_aHeide, F, P
245 _aMystery of the Whispering Voice
260 _aUNITED STATE OF AMERICA
_bALBERT WHITMAN & COM
_c1974
300 _aMystery of the Whispering Voice
942 _2ddc
_cBK
999 _c590
_d590